Diferenčná nezamestnanosť na Slovensku

Hlavný cieľ príspevku - analýza vývoja nezamestnanosti na Slovensku. Nezamestnanosť ako výskumný vedecký problém. Metodika diferenčnej nezamestnanosti a zdroje informácií o nezamestnanosti. Časová analýza diferenčnej nezamestnanosti. Priestorová analýza diferenčnej nezamestnanosti.

Salvato in:
Dettagli Bibliografici
Autore principale: Marenčáková, Jana
Altri autori: Vámoš, Ľudovít
Natura: Capitolo di libro
Lingua:slovacco
Soggetti:
Tags: Aggiungi Tag
Nessun Tag, puoi essere il primo ad aggiungerne!!

MARC

LEADER 00000naa a2200000 4500
001 0122212
005 20231107114036.6
041 0 |a slo 
044 |a SK 
245 1 0 |a Diferenčná nezamestnanosť na Slovensku  |c Jana Marenčáková, Ľudovít Vámoš 
520 |a Hlavný cieľ príspevku - analýza vývoja nezamestnanosti na Slovensku. Nezamestnanosť ako výskumný vedecký problém. Metodika diferenčnej nezamestnanosti a zdroje informácií o nezamestnanosti. Časová analýza diferenčnej nezamestnanosti. Priestorová analýza diferenčnej nezamestnanosti. 
610 2 0 |a nezamestnanosť 
610 2 0 |a zamestnanosť 
610 2 0 |a vzdelanie 
610 2 0 |a regióny 
610 2 0 |a Slovensko 
100 1 |a Marenčáková, Jana 
700 1 |a Vámoš, Ľudovít